Statistics for Name a Minecraft Mob A-Z

Click here to take the quiz!

General Stats

  • This quiz has been taken 28 times
  • The average score is 14 of 19

Answer Stats

HintAnswer% Correct
CCat | Cave Spider | Chicken | Chicken Jockey | Cod | Cow | Creeper
100%
SSalmon | Sheep | Shulker | Silverfish | Skeleton | Skeleton Horse | Slime | Spider | Spider Jockey | Squid | Stray | Strider
92%
EElder Guardian | Enderman | Endermite | Ender Dragon | Evoker
92%
BBat | Bee | Blaze
92%
PPanda | Parrot | Phantom | Pig | Piglin | Piglin Brute | Pillager | Polar Bear | Pufferfish
92%
ZZoglin | Zombie | Zombie Villager | Zombified Piglin
88%
VVex | Villager | Vindicator
88%
WWandering Trader | Witch | Wither | Wither Skeleton | Wolf
83%
GGhast | Glow Squid | Goat | Guardian
75%
HHoglin | Horse | Husk
75%
RRabbit | Ravager
67%
DDolphin | Donkey | Drowned
63%
OOcelot
58%
MMagma Cube | Mooshroom | Mule
54%
AAxolotl
50%
FFox
50%
IIron Golem
46%
LLlama
46%
TTrader Llama | Tropical Fish | Turtle
42%

Score Distribution

Percentile by Number Answered

Percent of People with Each Score

Your Score History

You have not taken this quiz